| 000 | 00804nam a2200289Ia 4500 | ||
|---|---|---|---|
| 001 | 13516 | ||
| 003 | IT-RoPAU | ||
| 008 | 130308s9999 xx 000 0 und d | ||
| 040 | _aIT-RoPAU | ||
| 040 | _cIT-RoPAU | ||
| 041 | _aINGLESE | ||
| 100 | _aDjankov Bogdan | ||
| 100 | _gCodice Aut. SPICS: 7178 | ||
| 245 | 2 | _aA New Approach to the Ajdukiewicz's Index Method and the Corresponding Metalogical Calculus | |
| 245 | _bA Semiotic Landscape/Panorama Semiotique | ||
| 250 | _a1a ed. | ||
| 260 | _aTHE HAGUE | ||
| 260 | _bMouton | ||
| 260 | _c1979 [1° Ed.:1979 - Ed.Ling.Originale:1974] | ||
| 300 | _a"5 p. (prefazione: no ; testo: 5 [pagine: 516-520])" | ||
| 650 | _aSEMIOLOGIA | ||
| 650 | _eCodice materia Spics: 3251 | ||
| 942 | _cBK | ||
| 957 | _71 | ||
| 999 |
_c40468 _d40468 |
||
| 999 | _bSI | ||
| 999 | _g1 | ||